Loading...
| Current Events - Current Events | 4 | 20.00 | 75% | 100% | 25% |
| Fine Arts - Auditory Fine Arts | 8 | 11.25 | 50% | 25% | 38% |
| Fine Arts - Other Fine Arts | 5 | 12.00 | 60% | 40% | 20% |
| Fine Arts - Visual Fine Arts | 6 | 16.67 | 50% | 83% | 33% |
| Geography - Geography | 1 | 10.00 | 0% | 0% | 100% |
| History - American History | 4 | 15.00 | 25% | 25% | 100% |
| History - European History | 5 | 20.00 | 60% | 100% | 40% |
| History - Other History | 7 | 15.71 | 43% | 71% | 43% |
| History - World History | 6 | 18.33 | 83% | 50% | 50% |
| Literature - American Literature | 4 | 20.00 | 75% | 75% | 50% |
| Literature - British Literature | 6 | 18.33 | 67% | 50% | 67% |
| Literature - European Literature | 2 | 15.00 | 50% | 50% | 50% |
| Literature - World Literature | 3 | 26.67 | 100% | 100% | 67% |
| Mythology - Mythology | 5 | 22.00 | 60% | 80% | 80% |
| Philosophy - Philosophy | 3 | 13.33 | 33% | 67% | 33% |
| Religion - Religion | 5 | 14.00 | 20% | 40% | 80% |
| Science - Biology | 4 | 17.50 | 75% | 50% | 50% |
| Science - Chemistry | 6 | 18.33 | 50% | 67% | 67% |
| Science - Other Science | 7 | 17.14 | 29% | 71% | 71% |
| Science - Physics | 5 | 18.00 | 60% | 80% | 40% |
| Social Science - Social Science | 2 | 20.00 | 100% | 50% | 50% |
| Trash - Trash | 3 | 13.33 | 0% | 100% | 33% |